Historia del alfabeto /
Historia de la escritura, desde sus orígenes. La primera parte de la obra trata de los diversos modos con que el hombre ha inventado distintos sistemas de escritura, desde la pictografía, la ideografía y los jeroglíficos, hasta el método fonético. La segunda se ocupa del uso social de la escritura y...
Guardat en:
| Autor principal: | |
|---|---|
| Altres autors: | |
| Format: | Llibre |
| Idioma: | espanyol |
| Publicat: |
México :
Fondo de Cultura Económica,
1965, c1961
|
| Edició: | 2a edición |
| Col·lecció: | (Breviarios ;
160) |
| Matèries: | |
| Etiquetes: |
Sense etiquetes, Sigues el primer a etiquetar aquest registre!
|
MARC
| LEADER | 00000nam^a2200000^a^4500 | ||
|---|---|---|---|
| 001 | 000000139 | ||
| 005 | 20250521000000.0 | ||
| 009 | 20260310083015.833 | ||
| 037 | |a Acervo ITESO - Biblioteca | ||
| 041 | |a ESP | ||
| 082 | |a 082. |b BRE V. 160 | ||
| 100 | |a Moorhouse, A.C. |e (autor) | ||
| 240 | 1 | 1 | |a [Writing and the Alphabet] |
| 245 | 1 | 0 | |a Historia del alfabeto / |c A.C. Moorhouse ; tr. por C. Villegas. |
| 250 | |a 2a edición | ||
| 264 | 4 | |a México : |b Fondo de Cultura Económica, |c 1965, c1961 | |
| 300 | |a 307 p. | ||
| 336 | |a texto |b txt |2 rdacontenido | ||
| 337 | |a sin mediación |b n |2 rdamedio | ||
| 338 | |a volumen |b nc |2 rdasoporte | ||
| 440 | 1 | |a (Breviarios ; |v 160) | |
| 500 | |a Traducción de: The Triumph of the Alphabet. A History of Writing | ||
| 520 | |a Historia de la escritura, desde sus orígenes. La primera parte de la obra trata de los diversos modos con que el hombre ha inventado distintos sistemas de escritura, desde la pictografía, la ideografía y los jeroglíficos, hasta el método fonético. La segunda se ocupa del uso social de la escritura y su importancia en el mundo contemporáneo. | ||
| 649 | |a XX | ||
| 650 | |a Alfabetos - |x Tema Principal | ||
| 650 | |a Paleografía | ||
| 650 | |a Lectoescritura - |x Tema Principal | ||
| 650 | |a Analfabetismo | ||
| 650 | |a Educación y Desarrollo | ||
| 650 | |a Comunicación Escrita - |x Historia | ||
| 650 | |a Comunicación Verbal | ||
| 650 | |a Comunicación | ||
| 700 | |a Villegas, Carlos |e (traducción) | ||
| 910 | |a Fondo General | ||
| 920 | |a Impresos - Libros | ||
| 930 | |a Colección General | ||
| 905 | |a 101 | ||
| 901 | |a 0001390100 |b IT1 |c ACC |i 000139 |u 20250521 | ||
| 901 | |a 0001390200 |b IT1 |c ACC |i 900021 |u 20250521 | ||
| 902 | |a https://opac.biblio.iteso.mx/vufind/Record/000000139 | ||